Guess the Song Title in the Lyrics 2020 - #2 - Statistics

General Stats
  • This quiz has been taken 110 times
  • The average score is 4 of 12
Answer Stats
Hint Answer % Correct
You want me, I want you, baby / My sugarboo, I'm _________ / The Milky Way is liberating / Yeah, yeah, yeah. Levitating - By Dua Lipa
73%
So watch me bring the fire and set the night alight (hey) / Shining through the city with a little funk and soul / So I'ma light it up like ________, whoa oh oh. Dynamite - By BTS
58%
Picture-perfect, you don't need no filter / Gorgeous, make 'em drop dead, you a killer / Shower you with all my attention / Yeah, these are my only __________. Intentions - By Justin Bieber
46%
Could you tell me, where'd you get the nerve? / Yeah, you could say you miss all that we had / But I don't really care how bad it hurts / When ___ _____ __ _____. You Broke Me First - By Tate McRae
46%
And when I felt like I was an old ________ / Under someone's bed / You put me on and said I was your favorite. Cardigan - By Taylor Swift
37%
Every night and every day / I try to make you stay / But your ______ ____ / Did somebody, did somebody / Break your heart? / Lookin' like an angel / But your ______ ____. Savage Love - By Jason Derulo and Jawsh 685
28%
Right before I close my eyes / The only thing that's on my mind / Been dreamin' that you feel it too / I ______ what it's like to be loved by you. Wonder - By Shawn Mendes
28%
You're so ______ / You're so ______ / I'm out of my head / And I know that you're scared / Because hearts get broken. Golden - By Harry Styles
20%
Anything could happen / Ever since I met you / No need to imagine / Baby, all I'm asking / Is let me ____ ___ ______ / Like da, da, da, da, da, da. Take You Dancing - By Jason Derulo
18%
I don't need a reason (oh) / Not sorry, I want your ______ ____ / Ah, yeah, ah yeah / I want your ______ ____, love (whoa, oh, oh, woo) Stupid Love - By Lady Gaga
14%
When we can be _____, _____ than this / Listen to that good song beating in your chest / Don't be scared to stray too far from the river / You can be _____, we can be _____, _____. Bigger - By Stan Walker
5%
Yeah I will be that voice in your ear / Quietly destroying your fear / You won't even know that I'm here / But I'm ________ ____ ___ tonight. Standing With You - By Guy Sebastian
3%
No matching quizzes found
Score Distribution
Percent of People with Each Score
Percentile by Number Answered
Your Score History
You have not taken this quiz